000 00692nam a2200253 i 4500
001 C2-0267384
003 PPAK
005 20180727234619.0
008 050915s2003 enka|||| ||||| | eng d
020 _a0140515054
040 _aPPAK
_beng
_cPPAK
_erda
082 0 4 _a910.3
_223
090 0 0 _a910.3
_bCLA
_dR
100 1 _aClark, Audrey N.,
_eauthor
245 1 4 _aThe Penguin dictionary of geography
250 _a3rd. ed.
264 1 _aLondon :
_bPenguin Books ,
_c2003
300 _aix, 467 pages :
_billustrations ;
_c20 cm
336 _2rdacontent
_atext
337 _2rdamedia
_aunmediated
338 _2rdacarrier
_avolume
650 1 0 _aGeography - Dictionary.
942 _ddc
_cB
999 _c76367
_d76367